| 000 | 01106nam a2200313 i 4500 | ||
|---|---|---|---|
| 003 | EG-GICUC | ||
| 005 | 20260121101400.0 | ||
| 008 | 251129s2013 ua ||||fr ||| 00| 0 ara d | ||
| 017 | _a2013/5065 | ||
| 020 | _a9789776442009 | ||
| 040 |
_aEG-GICUC _cEG-GICUC _dEG-GICUC _erda _bara |
||
| 041 | 0 | _aara | |
| 082 | 0 | 4 |
_221 _a341.79 _bأ ح . ع |
| 092 | 0 | 4 | _221 |
| 099 | _aLaw1 11 341.79 أ ح . ع 2013 | ||
| 100 | 0 |
_aأحمد حلمي خليل هندي _eمؤلف. |
|
| 245 | 1 | 0 |
_aعقود الإمتياز البترولية و أسلوب حل منازعاتها / _cأحمد حلمي خليل هندي. |
| 264 | 0 |
_aمصر : _bالفتح للنشر، _c2013. |
|
| 300 |
_aصفحة ؛ 767 _c30 سم. |
||
| 336 |
_atext _2rda content |
||
| 337 |
_aComputer _2rda media |
||
| 338 |
_aOnline Resource _2rda carrier |
||
| 546 | _aالنص باللغة العربية | ||
| 650 | 0 | 4 | _aالقانون الدولي العام |
| 650 | 0 | 4 | _aالقانون التجاري الدولي |
| 856 | _uhttps://fll.law.cu.edu.eg/fulltext/th/B11-04656.pdf | ||
| 905 |
_a59 _eHassnaa |
||
| 942 |
_2ddc _cBK _e21 _n0 |
||
| 999 |
_c46952 _d46952 |
||